| 000 | 00490nam a22001577a 4500 | ||
|---|---|---|---|
| 082 |
_a621.32 _bMEE |
||
| 100 |
_aMeekal Jamil (361624) _9128219 |
||
| 245 | _aFuel Performance Comparison of Uranium Nitride and Uranium Carbide in VVER-1200 using OpenMC / | ||
| 264 |
_aIslamabad : _bUSPCAS-E, NUST _cNov, 2025 |
||
| 300 |
_axiv, 40 p. _e+CD |
||
| 520 | _aTH-602 | ||
| 650 | _aMS ESE Thesis | ||
| 650 |
_aMS Thesis _918721 |
||
| 700 |
_aSupervisor: Dr. Majid Ali _9116940 |
||
| 942 |
_2ddc _cTHE |
||
| 999 |
_c613263 _d613263 |
||